000 00936nam a22003017a 4500
003 CHAP
005 20220329142256.0
008 000428d1998 mx r o10110 spa d
010 _a80946
011 _a81918
020 _a9688207306
035 _a92402
040 _cCHAP
090 _aFolleto 15752
100 0 0 _aZedillo Ponce de León, Ernesto.
_9123853
245 1 0 _aChiapas
_c/por Ernesto Zedillo Ponce de León
260 _aMéxico, D.F. :
_bPresidencia de la Republica,
_c1998
300 _a37 p.
590 _aBATCH-UPD
_b10
_c20130110
_lUCH01
_h0827
590 _aBATCH-UPD
_b10
_c20130410
_lUCH01
_h0505
590 _aBATCH-UPD
_b10
_c20130914
_lUCH01
_h2112
590 _aCONVERSION
_b10
_c20130109
_lUCH01
_h1345
650 1 4 _aChiapas
_xDiscursos, ensayos y conferencias.
_922231
901 _aBK
905 _aMarco A. Mendoza T.
942 _cFOLL
949 _aFolleto 15752
_bBC
_cFOLL
_d924021
_eTS1
_i92402
_kDonaciØn
_sb
999 _c80946
_d80946